<?xml version="1.0" encoding="UTF-8"?>
<record
    xmlns:xsi="http://www.w3.org/2001/XMLSchema-instance"
    xsi:schemaLocation="http://www.loc.gov/MARC21/slim http://www.loc.gov/standards/marcxml/schema/MARC21slim.xsd"
    xmlns="http://www.loc.gov/MARC21/slim">

  <leader>01066nam a22002657a 4500</leader>
  <controlfield tag="005">20170123164203.0</controlfield>
  <datafield tag="010" ind1=" " ind2=" ">
    <subfield code="a">464283</subfield>
  </datafield>
  <datafield tag="020" ind1=" " ind2=" ">
    <subfield code="c">5.00</subfield>
  </datafield>
  <datafield tag="035" ind1=" " ind2=" ">
    <subfield code="a">464283</subfield>
  </datafield>
  <datafield tag="037" ind1=" " ind2=" ">
    <subfield code="b">Cen Lib/Ret</subfield>
  </datafield>
  <datafield tag="040" ind1=" " ind2=" ">
    <subfield code="a">DPL</subfield>
    <subfield code="b">PN</subfield>
  </datafield>
  <datafield tag="082" ind1=" " ind2=" ">
    <subfield code="a">136.1</subfield>
    <subfield code="b">&#xA2E;&#xA3F;&#xA38;&#xA3C;&#xA28;</subfield>
  </datafield>
  <datafield tag="100" ind1=" " ind2=" ">
    <subfield code="a">&#xA2E;&#xA3F;&#xA38;&#xA3C;&#xA28; &#xA0F;. &#xA24;&#xA42;&#xA30; </subfield>
    <subfield code="9">138758</subfield>
  </datafield>
  <datafield tag="245" ind1=" " ind2=" ">
    <subfield code="a">&#xA06;&#xA2A;&#xA23;&#xA47; &#xA2C;&#xA3E;&#xA32; &#xA28; &#xA38;&#xA70;&#xA1C;&#xA4B;&#xA39;  /</subfield>
    <subfield code="c"> &#xA05;&#xA15;&#xA3E;&#xA26;&#xA2E;&#xA40;&#xA38;&#xA3C;&#xA28; &#xA0F;. &#xA24;&#xA41;&#xA30; ; &#xA05;&#xA28;&#xA41;&#xA35;&#xA3E;&#xA26;&#xA15; &#xA1C;&#xA38;&#xA35;&#xA70;&#xA24; &#xA17;&#xA3F;&#xA71;&#xA32; </subfield>
  </datafield>
  <datafield tag="246" ind1=" " ind2=" ">
    <subfield code="a">Apne bal nu samjoh /</subfield>
    <subfield code="b">by Ak&#x101;dam&#x12B;shana E T&#x16B;ra ; Jaswant Gill </subfield>
  </datafield>
  <datafield tag="260" ind1=" " ind2=" ">
    <subfield code="a">&#xA26;&#xA3F;&#xA71;&#xA32;&#xA40; </subfield>
    <subfield code="b">&#xA28;&#xA35;&#xA1C;&#xA41;&#xA17; &#xA2A;&#xA2C;&#xA32;&#xA3F;&#xA38;&#xA3C;&#xA30;&#xA1C;&#xA3C; </subfield>
    <subfield code="c">2005</subfield>
  </datafield>
  <datafield tag="270" ind1=" " ind2=" ">
    <subfield code="a">&#xA1A;&#xA3E;&#xA02;&#xA26;&#xA28;&#xA40; &#xA15;&#xA4B;&#xA15; </subfield>
    <subfield code="b">&#xA26;&#xA3F;&#xA71;&#xA32;&#xA40; </subfield>
  </datafield>
  <datafield tag="300" ind1=" " ind2=" ">
    <subfield code="a">307p.</subfield>
    <subfield code="c">27cm(Hb)</subfield>
  </datafield>
  <datafield tag="650" ind1=" " ind2=" ">
    <subfield code="a">Health care</subfield>
    <subfield code="9">10055</subfield>
  </datafield>
  <datafield tag="650" ind1=" " ind2=" ">
    <subfield code="a">Health Sciences</subfield>
    <subfield code="v">Baby care</subfield>
    <subfield code="9">112692</subfield>
  </datafield>
  <datafield tag="650" ind1=" " ind2=" ">
    <subfield code="a">&#xA39;&#xA48;&#xA32;&#xA25; &#xA15;&#xA47;&#xA05;&#xA30;</subfield>
    <subfield code="9">1541</subfield>
  </datafield>
  <datafield tag="650" ind1=" " ind2=" ">
    <subfield code="a">&#xA38;&#xA3F;&#xA39;&#xA24; &#xA35;&#xA3F;&#xA17;&#xA3F;&#xA06;&#xA28; --</subfield>
    <subfield code="v">&#xA2C;&#xA47;&#xA2C;&#xA40; &#xA15;&#xA47;&#xA05;&#xA30;</subfield>
    <subfield code="9">131869</subfield>
  </datafield>
  <datafield tag="700" ind1=" " ind2=" ">
    <subfield code="a">&#xA17;&#xA3F;&#xA71;&#xA32;, &#xA1C;&#xA38;&#xA35;&#xA70;&#xA24; </subfield>
    <subfield code="9">138759</subfield>
  </datafield>
  <datafield tag="942" ind1=" " ind2=" ">
    <subfield code="2">ddc</subfield>
    <subfield code="c">PN</subfield>
    <subfield code="h">136.7</subfield>
    <subfield code="m">&#xA2E;&#xA3F;&#xA38;&#xA3C;&#xA28;</subfield>
  </datafield>
  <datafield tag="999" ind1=" " ind2=" ">
    <subfield code="c">111202</subfield>
    <subfield code="d">111202</subfield>
  </datafield>
  <datafield tag="952" ind1=" " ind2=" ">
    <subfield code="0">0</subfield>
    <subfield code="1">0</subfield>
    <subfield code="4">0</subfield>
    <subfield code="7">0</subfield>
    <subfield code="a">L</subfield>
    <subfield code="b">L</subfield>
    <subfield code="d">2016-03-17</subfield>
    <subfield code="e">Cen Lib/Ret</subfield>
    <subfield code="g">5.00</subfield>
    <subfield code="l">0</subfield>
    <subfield code="o">136.1 &#xA2E;&#xA3F;&#xA38;&#xA3C;&#xA28;</subfield>
    <subfield code="p">464283</subfield>
    <subfield code="r">2016-03-17 00:00:00</subfield>
    <subfield code="t">1</subfield>
    <subfield code="v">5.00</subfield>
    <subfield code="w">2016-03-17</subfield>
    <subfield code="y">PN</subfield>
  </datafield>
</record>
